000 00781nam a22002415i 4500
001 15294
003 ES-MaACL
005 20251113063052.0
007 t|
008 000214s1992 sp ||||0| spa j
020 _a84-604-3977-1
040 _aM-BN
_bspa
_cM-BN
080 _a929.52(460)
100 0 _aMendoza y Bobadilla, Francisco,
_d1508-1566
_980270
245 1 3 _aEl tizón de la nobleza /
_cpor el Cardenal Mendoza.
260 _aMadrid :
_bColegio Heráldico de España y de la Indias,
_c[1992]
300 _a152 p. ;
_c22 cm.
500 _aTít. tomado de la cub.
651 4 _aEspaña-
_xGenealogía.
_98199
710 2 _aColegio Heráldico de España y de las Indias (Madrid)
_92920
852 _aES-MaACL
_jL-22649
_bR.127867
999 _c15294
_d15294